Cotton spinning / (Record no. 57053)
[ view plain ]
| 000 -LEADER | |
|---|---|
| fixed length control field | 01160nam a22002297a 4500 |
| 005 - DATE AND TIME OF LATEST TRANSACTION | |
| control field | 20110927121714.0 |
| 010 ## - LCCN (DPL NO) | |
| LC control number | G-001521-23 |
| 020 ## - INTERNATIONAL STANDARD BOOK NUMBER | |
| Terms of availability | 500.00 (set of 3 vols.) |
| 035 1d - SYSTEM CONTROL NUMBER | |
| System control number | G-001521-23 |
| 037 ## - SOURCE OF ACQUISITION | |
| Source of stock number/acquisition | Gift |
| 082 ## - DEWEY DECIMAL CLASSIFICATION NUMBER | |
| Classification number | 677.2122 |
| 100 ## - MAIN ENTRY--PERSONAL NAME | |
| Personal name | Scott-Taggart, William |
| 245 ## - TITLE STATEMENT | |
| Title | Cotton spinning / |
| Statement of responsibility, etc | by William Scott-Taggart |
| 260 ## - PUBLICATION, DISTRIBUTION, ETC. (IMPRINT) | |
| Place of publication, distribution, etc | Bombay |
| Name of publisher, distributor, etc | Indo Overseas Trading |
| Date of publication, distribution, etc | 1958 |
| 300 ## - PHYSICAL DESCRIPTION | |
| Extent | 3v. (lv, 383p.; xv, 293p.; xxviii, 490p.) |
| Dimensions | 18cm(Hb) |
| Other physical details | ill. |
| 500 ## - GENERAL NOTE | |
| General note | Includes index |
| 942 ## - ADDED ENTRY ELEMENTS (KOHA) | |
| Source of classification or shelving scheme | Dewey Decimal Classification |
| Item type | English Books |
| Classification part | 677.2122 |
| Call number suffix | SCO |
| Withdrawn status | Lost status | Not for loan | Collection code | Home library | Current library | Date acquired | Source of acquisition | Cost, normal purchase price | Full call number | Barcode | Copy number | Cost, replacement price | Koha item type | Public note |
|---|---|---|---|---|---|---|---|---|---|---|---|---|---|---|
| Non-fiction | Janak Puri | Janak Puri | 27/09/2011 | gift | 500.00 | 677.2122 SCO | G-001521 | 1 | 500.00 | English Books | v.1 | |||
| Non-fiction | Janak Puri | Janak Puri | 27/09/2011 | gift | 500.00 | 677.2122 SCO | G-001522 | 1 | 500.00 | English Books | v.2 | |||
| Non-fiction | Janak Puri | Janak Puri | 27/09/2011 | gift | 500.00 | 677.2122 SCO | G-001523 | 1 | 500.00 | English Books | v.3 |
